Ekonomika prevádzky golfového ihriska bakalárska práca

Na minha lista:
Detalhes bibliográficos
Autor principal: Grigliak, Ján
Autor Corporativo: Podnikovohospodárska fakulta EU so sídlom v Košiciach. Katedra kvantitatívnych metód
Outros Autores: Tkáč, Michal, 1958-
Formato: Livro
Idioma:eslovaco
Publicado em: Košice 2020
Tags: Adicionar Tag
Sem tags, seja o primeiro a adicionar uma tag!

MARC

LEADER 00000nbm a2200000 4500
001 0265456
005 20201208131154.9
041 0 |a slo 
044 |a SK 
245 1 0 |a Ekonomika prevádzky golfového ihriska  |b bakalárska práca  |c Ján Grigliak ; školiteľ: Michal Tkáč 
264 1 |a Košice  |c 2020 
300 |a 41 s. 
100 1 |a Grigliak, Ján 
700 1 |a Tkáč, Michal, 1958- 
710 2 |a Podnikovohospodárska fakulta EU so sídlom v Košiciach. Katedra kvantitatívnych metód